[Event "6th Asia-ch"]
[Site "Cebu City PHI"]
[Date "2007.09.19"]
[Round "1.4"]
[White "Ghaem Maghami, Ehsan"]
[Black "Zhou Weiqi"]
[Result "1/2-1/2"]
[WhiteElo "2610"]
[BlackElo "2469"]
[EventDate "2007.09.19"]
[PlyCount "39"]

1.c4 Nf6 2.Nc3 c5 3.Nf3 Nc6 4.d4 cxd4 5.Nxd4 e6 6.a3 Bc5 7.Nb3 Be7 8.e4 
O-O 9.Be2 b6 10.Be3 Ba6 11.f4 Rc8 12.O-O d6 13.Bf2 Na5 14.Nxa5 bxa5 15.b3 
Rc7 16.Bf3 Nd7 17.a4 Nc5 18.Ra2 Nxb3 19.Nb5 Nc5 20.Nxc7 1/2-1/2

[Event "6th Asia-ch"]
[Site "Cebu City PHI"]
[Date "2007.09.19"]
[Round "1.5"]
[White "Al-Sayed, Mohamad Naser"]
[Black "Ganguly, Surya Shekhar"]
[Result "1-0"]
[WhiteElo "2469"]
[BlackElo "2586"]
[EventDate "2007.09.19"]
[PlyCount "127"]

1.e4 e6 2.d3 d5 3.Nd2 Nf6 4.Ngf3 Nc6 5.c3 e5 6.Be2 a5 7.O-O Be7 8.Re1 O-O 
9.a4 Re8 10.h3 h6 11.Bf1 Bc5 12.exd5 Qxd5 13.Nb3 Ba7 14.Nfd2 Be6 15.Nc4 
Rad8 16.Be3 Bxe3 17.Rxe3 b6 18.Nbd2 Bf5 19.Qe2 Qe6 20.Qf3 Nd5 21.Ree1 Qg6 
22.d4 e4 23.Qg3 Qxg3 24.fxg3 e3 25.Nf3 f6 26.Be2 g5 27.Nh2 Re7 28.Bf3 Be4 
29.Bxe4 Rxe4 30.Ng4 e2 31.Kf2 Rde8 32.Nxh6+ Kh7 33.Ng4 Kg7 34.Rac1 f5 35.
Nge5 Nxe5 36.Nxe5 f4 37.g4 Re3 38.Rxe2 Rg3 39.Rg1 Ne3 40.Nc4 Nxc4 41.Rxe8 
Nxb2 42.Re7+ Kf6 43.Rxc7 Nd3+ 44.Ke2 Re3+ 45.Kd2 Nf2 46.Rc6+ Ke7 47.d5 Kd7
48.c4 Ne4+ 49.Kc2 Rc3+ 50.Kb2 Rg3 51.Re6 Nc5 52.Re2 Nxa4+ 53.Kc1 Nc3 54.
Rf2 f3 55.Re1 fxg2 56.Rg1 Rxh3 57.Rgxg2 Ne4 58.Rf7+ Kd6 59.Rb7 Rc3+ 60.Rc2
Rb3 61.Rb8 a4 62.Rg8 a3 63.Rg6+ Kd7 64.Rh2 1-0

[Event "6th Asia-ch"]
[Site "Cebu City PHI"]
[Date "2007.09.19"]
[Round "1.6"]
[White "Utut Adianto"]
[Black "Arun Prasad, Subramanian"]
[Result "1/2-1/2"]
[WhiteElo "2583"]
[BlackElo "2448"]
[EventDate "2007.09.19"]
[PlyCount "178"]

1.d4 d5 2.c4 c6 3.Nf3 Nf6 4.e3 a6 5.a4 a5 6.Nc3 g6 7.cxd5 cxd5 8.Bb5+ Nbd7
9.O-O Bg7 10.b3 O-O 11.Ba3 Nb6 12.Ne5 Bf5 13.Rc1 Nc8 14.f3 Nd6 15.Be2 Be6 
16.Qd2 Bh6 17.g4 Nfe8 18.h3 f6 19.Nd3 Nc7 20.f4 Bf7 21.Bf3 Rb8 22.Qg2 Nc8 
23.Rc2 b5 24.axb5 Nxb5 25.Nxb5 Rxb5 26.Nc5 Re8 27.g5 Bg7 28.Bg4 f5 29.Be2 
Rb6 30.Bd3 Nd6 31.Rfc1 Ne4 32.Rb1 Qa8 33.Qf1 Ng3 34.Qc1 Ne4 35.Na4 Rb7 36.
Rc6 Qb8 37.Nc5 Nxc5 38.Bxc5 Rxb3 39.Rb6 Rxb1 40.Qxb1 Qa8 41.Ba6 a4 42.Qb5 
a3 43.Bxa3 Bf8 44.Bc5 Rd8 45.Rb7 Re8 46.Qb6 Qd8 47.Rc7 Qa8 48.Ra7 Qd8 49.
Qb5 Qb8 50.Rb7 Qa8 51.Kg2 h6 52.h4 hxg5 53.hxg5 Qd8 54.Kf2 Qa8 55.Qc6 Rb8 
56.Ke2 Rxb7 57.Qxb7 Qd8 58.Qb6 Qd7 59.Kd2 Qe6 60.Bd3 Be8 61.Qb7 Kf7 62.Bc2
Bc6 63.Qa7 Bg7 64.Bd3 Bf8 65.Qc7 Be8 66.Qb7 Bc6 67.Qb8 Be8 68.Qc7 Ba4 69.
Qa5 Bd7 70.Qa6 Qxa6 71.Bxa6 e6 72.Kc3 Be7 73.Bxe7 Kxe7 74.Kb4 Kd6 75.Ka5 
Kc7 76.Be2 Be8 77.Ka6 Bd7 78.Ka7 Be8 79.Ka6 Bd7 80.Ka5 Be8 81.Bd3 Bd7 82.
Ba6 Be8 83.Kb4 Bd7 84.Kc5 Ba4 85.Be2 Bd7 86.Bf3 Bc6 87.Bh1 Ba8 88.Bg2 Bb7 
89.Bf1 Bc6 1/2-1/2

[Event "6th Asia-ch"]
[Site "Cebu City PHI"]
[Date "2007.09.19"]
[Round "1.7"]
[White "Kim, Alexey"]
[Black "Xu Jun"]
[Result "1/2-1/2"]
[WhiteElo "2445"]
[BlackElo "2574"]
[EventDate "2007.09.19"]
[PlyCount "38"]

1.e4 c5 2.Nf3 d6 3.d4 cxd4 4.Nxd4 Nf6 5.Nc3 Nc6 6.Bg5 Qb6 7.Nb3 e6 8.Bxf6 
gxf6 9.Qd2 a6 10.O-O-O Bd7 11.f4 O-O-O 12.Be2 h5 13.Rhf1 Kb8 14.Kb1 Be7 
15.Rf3 Rdg8 16.Bf1 Rc8 17.Rh3 Na5 18.Be2 Nxb3 19.cxb3 h4 1/2-1/2

[Event "6th Asia-ch"]
[Site "Cebu City PHI"]
[Date "2007.09.19"]
[Round "1.8"]
[White "Zhou Jianchao"]
[Black "Girinath, P. D. S."]
[Result "1/2-1/2"]
[WhiteElo "2572"]
[BlackElo "2440"]
[EventDate "2007.09.19"]
[PlyCount "81"]

1.d4 f5 2.Nf3 Nf6 3.c4 e6 4.g3 Be7 5.Bg2 O-O 6.O-O a5 7.Nc3 d6 8.Qc2 Nc6 
9.e4 fxe4 10.Nxe4 e5 11.dxe5 dxe5 12.Be3 Qe8 13.Nxf6+ Bxf6 14.Nd2 Kh8 15.
Ne4 Qg6 16.Qb3 Nd4 17.Bxd4 exd4 18.Rad1 Rd8 19.Rfe1 Bg4 20.Bf3 a4 21.Qa3 
Bf5 22.Nxf6 Qxf6 23.Bxb7 Rab8 24.Be4 Rf8 25.Bxf5 Qxf5 26.Rd2 Qa5 27.Ree2 
c5 28.Qd3 Rbe8 29.f4 Qd8 30.h4 Qd7 31.Kg2 Qb7+ 32.Kh2 Qd7 33.Qf3 h6 34.Kg2
Qf5 35.b3 axb3 36.axb3 Qb1 37.Rb2 Qf5 38.Kf2 Qh3 39.Qg2 Qg4 40.Qf3 Qh3 41.
Qd5 1/2-1/2

[Event "6th Asia-ch"]
[Site "Cebu City PHI"]
[Date "2007.09.19"]
[Round "1.11"]
[White "Khader, Sami"]
[Black "Zhao Jun"]
[Result "0-1"]
[WhiteElo "2422"]
[BlackElo "2558"]
[EventDate "2007.09.19"]
[PlyCount "122"]

1.e4 e5 2.Nf3 Nf6 3.Nxe5 d6 4.Nf3 Nxe4 5.Nc3 Nxc3 6.dxc3 Be7 7.Bf4 O-O 8.
Qd2 Nd7 9.O-O-O Nc5 10.Nd4 Ne6 11.Be3 Nxd4 12.cxd4 c6 13.Bd3 Be6 14.Kb1 b5
15.h4 Re8 16.h5 Bd5 17.Rh3 Qd7 18.Rg3 Bh4 19.Rh3 Be7 20.Bh6 Bf8 21.Rg3 Kh8
22.Bg5 h6 23.Bh4 Be4 24.Be2 d5 25.Bg4 Bf5 26.Qf4 Bxg4 27.Qxg4 Qxg4 28.Rxg4
Re2 29.Rf4 Kg8 30.Rf3 Rae8 31.Bg3 R8e4 32.a3 Re6 33.Rfd3 Be7 34.R1d2 Re1+ 
35.Rd1 R1e2 36.R1d2 Rxd2 37.Rxd2 Re1+ 38.Ka2 Rh1 39.Re2 Bf6 40.Re8+ Kh7 
41.Be5 Bxe5 42.Rxe5 Rh2 43.a4 bxa4 44.Rf5 Rxg2 45.Rxf7 Rg5 46.Ka3 Rxh5 47.
Kb4 Kg6 48.Rc7 Rf5 49.Rxc6+ Rf6 50.Rc5 Rxf2 51.Rc3 Kf5 52.Rc7 Rg2 53.c3 h5
54.Kc5 h4 55.Kxd5 h3 56.Rf7+ Kg6 57.Rf3 h2 58.Rh3 Rg5+ 59.Ke6 Rh5 60.Rg3+ 
Kh7 61.Kf7 Rf5+ 0-1

[Event "6th Asia-ch"]
[Site "Cebu City PHI"]
[Date "2007.09.19"]
[Round "1.12"]
[White "Megaranto, Susanto"]
[Black "Sadorra, Julio"]
[Result "1-0"]
[WhiteElo "2554"]
[BlackElo "2421"]
[EventDate "2007.09.19"]
[PlyCount "85"]

1.e4 c5 2.Nf3 d6 3.d4 cxd4 4.Nxd4 Nf6 5.Nc3 a6 6.Bc4 e6 7.Bb3 Nbd7 8.Bg5 
Qa5 9.Qd2 Be7 10.f3 Nc5 11.h4 Bd7 12.g4 b5 13.Rd1 h5 14.gxh5 Rxh5 15.Rg1 
Qb6 16.Nce2 g6 17.c3 e5 18.Nc2 Nxb3 19.axb3 Be6 20.b4 d5 21.Qe3 Qc7 22.
Bxf6 Bxf6 23.exd5 Bxh4+ 24.Ng3 Bd7 25.Nd4 O-O-O 26.Nb3 Be8 27.Nc5 Rd6 28.
Kf1 Bxg3 29.Rxg3 Rh1+ 30.Rg1 Rxg1+ 31.Kxg1 Rf6 32.Ne4 Qb6 33.Qc5+ Qxc5+ 
34.bxc5 Rxf3 35.Ra1 b4 36.Rxa6 bxc3 37.bxc3 Bd7 38.c6 Bf5 39.Nd6+ Kb8 40.
c4 Rc3 41.Nxf5 gxf5 42.Rb6+ Kc8 43.d6 1-0

[Event "6th Asia-ch"]
[Site "Cebu City PHI"]
[Date "2007.09.19"]
[Round "1.15"]
[White "Lanka, Ravi"]
[Black "Moradiabadi, Elshan"]
[Result "1/2-1/2"]
[WhiteElo "2404"]
[BlackElo "2540"]
[EventDate "2007.09.19"]
[PlyCount "58"]

1.d4 d5 2.Nf3 Nf6 3.c4 c6 4.Qc2 g6 5.e3 Bf5 6.Bd3 Bxd3 7.Qxd3 Bg7 8.Nc3 
O-O 9.O-O Na6 10.Rd1 Rc8 11.Bd2 c5 12.cxd5 Nxd5 13.Nxd5 Qxd5 14.Bc3 cxd4 
15.Nxd4 Nc5 16.Qf1 Qe4 17.Nb5 a6 18.Bxg7 Kxg7 19.Nc3 Qc2 20.Qe2 Qxe2 21.
Nxe2 Rfd8 22.Kf1 Nd3 23.Rd2 Nb4 24.Rxd8 Rxd8 25.a3 Nd3 26.Rd1 Rd6 27.b4 f5
28.Nc3 Kf7 29.Ke2 Ne5 1/2-1/2

[Event "6th Asia-ch"]
[Site "Cebu City PHI"]
[Date "2007.09.19"]
[Round "1.17"]
[White "Bitoon, Richard"]
[Black "Nguyen Anh Dung"]
[Result "1/2-1/2"]
[WhiteElo "2399"]
[BlackElo "2537"]
[EventDate "2007.09.19"]
[PlyCount "34"]

1.c4 Nf6 2.Nc3 e5 3.Nf3 Nc6 4.e3 Be7 5.d4 exd4 6.Nxd4 Nxd4 7.Qxd4 O-O 8.
Be2 Re8 9.O-O Bd6 10.Bf3 Be5 11.Qd3 d6 12.Bd2 Rb8 13.h3 Be6 14.Rfd1 Qd7 
15.Be1 Bf5 16.Qe2 Bxc3 17.Bxc3 Ne4 1/2-1/2

[Event "6th Asia-ch"]
[Site "Cebu City PHI"]
[Date "2007.09.19"]
[Round "1.19"]
[White "Goh Weiming"]
[Black "Antonio, Rogelio jr"]
[Result "0-1"]
[WhiteElo "2388"]
[BlackElo "2532"]
[EventDate "2007.09.19"]
[PlyCount "102"]

1.e4 c6 2.c4 d6 3.d4 g6 4.Nc3 Bg7 5.Be3 Nf6 6.Be2 Qa5 7.f3 O-O 8.Qd2 Re8 
9.g4 e5 10.d5 h5 11.g5 Nfd7 12.a3 Qc7 13.Rd1 Bf8 14.h4 a5 15.Nh3 Na6 16.
Nf2 Nac5 17.Qc2 a4 18.Nd3 Nxd3+ 19.Bxd3 Qa5 20.Qd2 Nc5 21.Bc2 Nb3 22.Bxb3 
axb3 23.Ne2 Qa6 24.Qb4 cxd5 25.cxd5 Bd7 26.Nc3 Be7 27.Qxb3 Bd8 28.Rc1 Ba5 
29.Kf2 Rec8 30.Qc2 Rc4 31.Qe2 Rac8 32.Rhd1 R8c7 33.Kf1 Bxc3 34.bxc3 Bb5 
35.Kg2 Rxe4 36.c4 Rexc4 37.Rxc4 Bxc4 38.Qb2 b5 39.Qb4 Rd7 40.Bc1 Qb7 41.a4
Bxd5 42.Kf2 Bxf3 43.Rxd6 Bg4 44.Rxd7 Qf3+ 45.Kg1 Bxd7 46.Qa3 Qg4+ 47.Kf1 
bxa4 48.Qc5 Qf3+ 49.Ke1 Bg4 50.Qe3 Qxe3+ 51.Bxe3 f5 0-1

[Event "6th Asia-ch"]
[Site "Cebu City PHI"]
[Date "2007.09.19"]
[Round "1.21"]
[White "Bancod, Ronald"]
[Black "Li Chao"]
[Result "0-1"]
[WhiteElo "2373"]
[BlackElo "2529"]
[EventDate "2007.09.19"]
[PlyCount "68"]

1.d4 Nf6 2.Nf3 g6 3.c3 Bg7 4.Bg5 d5 5.Nbd2 O-O 6.e3 c5 7.Be2 Qb6 8.Qb3 Nc6
9.O-O Bf5 10.dxc5 Qxc5 11.Nd4 Bc8 12.Bf3 e5 13.Qb5 Qd6 14.N4b3 e4 15.Bf4 
Qd8 16.Be2 a6 17.Qc5 Bd7 18.Qd6 Rc8 19.Nc5 Na5 20.Nxd7 Qxd7 21.Qxd7 Nxd7 
22.Nb3 Nc4 23.Bxc4 dxc4 24.Rfd1 Nb6 25.Na5 Na4 26.Rab1 b5 27.Bd6 Rfd8 28.
Kf1 Bxc3 29.bxc3 Nxc3 30.Be5 Nxd1 31.Ke1 Rd5 32.Ba1 b4 33.Rxb4 Rxa5 34.a4 
Nxf2 0-1

[Event "6th Asia-ch"]
[Site "Cebu City PHI"]
[Date "2007.09.19"]
[Round "1.23"]
[White "Maga, Mirabeau"]
[Black "Yu Shaoteng"]
[Result "0-1"]
[WhiteElo "2361"]
[BlackElo "2524"]
[EventDate "2007.09.19"]
[PlyCount "86"]

1.d4 e6 2.Nf3 Nf6 3.c3 b6 4.Bg5 Bb7 5.Nbd2 h6 6.Bh4 d6 7.e3 Nbd7 8.a4 a6 
9.Qc2 g5 10.Bg3 Nh5 11.Bc4 Qe7 12.b4 Bg7 13.h3 Nxg3 14.fxg3 h5 15.h4 g4 
16.Ng5 d5 17.Bd3 Bh6 18.Nxf7 Kxf7 19.Bg6+ Kg8 20.Bxh5 Nf6 21.Bxg4 Nxg4 22.
Qg6+ Qg7 23.Qxe6+ Kh7 24.Nf3 Rhe8 25.Ng5+ Qxg5 26.Qxe8 Qxe3+ 27.Qxe3 Nxe3 
28.Ra2 Re8 29.Kf2 Ng4+ 30.Kf1 Re3 31.Re2 Rxc3 32.Re7+ Kg6 33.Ke2 Bc8 34.
Rf1 Bf5 35.Rf3 Rc4 36.Ke1 Bf8 37.h5+ Kf6 38.Rxf5+ Kxe7 39.Rg5 Nf6 40.Kf1 
Ne4 41.Re5+ Kf6 42.g4 Bd6 43.Rf5+ Kg7 0-1

[Event "6th Asia-ch"]
[Site "Cebu City PHI"]
[Date "2007.09.19"]
[Round "1.25"]
[White "Lalith Babu, Musunuri Rohit"]
[Black "So, Wesley"]
[Result "1/2-1/2"]
[WhiteElo "2353"]
[BlackElo "2516"]
[EventDate "2007.09.19"]
[PlyCount "103"]

1.Nf3 Nf6 2.c4 c5 3.Nc3 Nc6 4.g3 g6 5.d4 cxd4 6.Nxd4 Bg7 7.Bg2 O-O 8.O-O 
Nxd4 9.Qxd4 d6 10.Qd3 a6 11.Bf4 Bf5 12.Qd2 Qd7 13.Rac1 Bh3 14.b3 Bxg2 15.
Kxg2 b5 16.cxb5 axb5 17.Rfd1 Rfc8 18.Nd5 Nxd5 19.Rxc8+ Qxc8 20.Qxd5 Rxa2 
21.Qxb5 h5 22.h4 Qe6 23.Be3 Qe4+ 24.Kg1 Bf6 25.Rc1 Kg7 26.Qc4 Qf5 27.b4 
Rb2 28.Bd4 Rd2 29.Bxf6+ Qxf6 30.Rc2 Rd4 31.Qc3 Rd1+ 32.Kg2 Qxc3 33.Rxc3 
Rb1 34.Rc7 Kf6 35.Rb7 d5 36.b5 Ke6 37.b6 Kd6 38.Rb8 e5 39.Rd8+ Ke6 40.Re8+
Kd6 41.Rd8+ Ke6 42.Re8+ Kf6 43.Rb8 Kf5 44.b7 d4 45.Kf3 Rb3+ 46.Kg2 Ke4 47.
f3+ Kf5 48.Kf2 Rb1 49.Kg2 Rb2 50.Kf2 Kf6 51.Kf1 Ke7 52.Ke1 1/2-1/2

[Event "6th Asia-ch"]
[Site "Cebu City PHI"]
[Date "2007.09.19"]
[Round "1.26"]
[White "Dimakiling, Oliver"]
[Black "Hussein, Noah A."]
[Result "0-1"]
[WhiteElo "2500"]
[BlackElo "2341"]
[EventDate "2007.09.19"]
[PlyCount "76"]

1.d4 d5 2.Bg5 c5 3.dxc5 Nc6 4.c3 h6 5.Bh4 g5 6.Bg3 Nf6 7.Nd2 a5 8.e3 Bg7 
9.Bb5 Bd7 10.Ngf3 Nh5 11.Bxc6 bxc6 12.Be5 f6 13.Nd4 g4 14.Bg3 O-O 15.e4 
dxe4 16.Qb3+ Kh7 17.O-O-O a4 18.Qc4 Qc8 19.f4 f5 20.Nf1 Rb8 21.Qxa4 e5 22.
fxe5 f4 23.Bh4 Bxe5 24.Nd2 Bxd4 25.Qxd4 Bf5 26.b3 Qa6 27.Kb2 e3 28.Nc4 Ng7
29.Qxf4 e2 30.Rd6 Ne6 31.Rxe6 Bxe6 32.Qe4+ Bf5 33.Qxe2 Rbe8 34.Qd2 Re4 35.
Ne3 Ra8 36.a4 Rxa4 37.bxa4 Qxa4 38.Qd6 Qa3# 0-1

[Event "6th Asia-ch"]
[Site "Cebu City PHI"]
[Date "2007.09.19"]
[Round "1.27"]
[White "Bagamasbad, Efren"]
[Black "Bagheri, Amir"]
[Result "0-1"]
[WhiteElo "2331"]
[BlackElo "2495"]
[EventDate "2007.09.19"]
[PlyCount "100"]

1.c4 e6 2.Nc3 Bb4 3.g3 Nf6 4.Bg2 O-O 5.Nf3 d5 6.Qb3 Nc6 7.a3 Bxc3 8.Qxc3 
d4 9.Qc2 e5 10.d3 a5 11.b3 h6 12.O-O Bf5 13.Nd2 Qd7 14.Re1 Rfe8 15.Ne4 
Bxe4 16.dxe4 Red8 17.Qd3 Qd6 18.Rb1 Nd7 19.Qd2 Nb6 20.Qd3 Nd7 21.Rd1 Nc5 
22.Qc2 a4 23.b4 Nb3 24.Rd3 Qe6 25.Bb2 Ne7 26.Rf1 c5 27.f4 b5 28.cxb5 c4 
29.Rdf3 Rac8 30.Kh1 f6 31.fxe5 fxe5 32.Rf5 Nxf5 33.exf5 Qf6 34.Bb7 Rc7 35.
Be4 Kh8 36.Rf3 d3 37.exd3 c3 38.Bc1 Nd4 39.Qg2 Nxf3 40.Qxf3 c2 41.Qf2 Rd4 
42.h4 Qd6 43.Kg2 Rc3 44.Qd2 Rdxd3 45.Bxd3 Qxd3 46.Qxd3 Rxd3 47.b6 Rd6 48.
Kf3 Rxb6 49.Ke4 Rd6 50.b5 Rd1 0-1

[Event "6th Asia-ch"]
[Site "Cebu City PHI"]
[Date "2007.09.19"]
[Round "1.28"]
[White "Alavi Sayed, Javad"]
[Black "Makinano, Anthony"]
[Result "1/2-1/2"]
[WhiteElo "2493"]
[BlackElo "2317"]
[EventDate "2007.09.19"]
[PlyCount "98"]

1.e4 e5 2.Bc4 Nf6 3.d3 Bc5 4.Nf3 d6 5.c3 O-O 6.O-O Bb6 7.Nbd2 Nc6 8.Bb3 
Nd7 9.Nc4 Nc5 10.Bc2 Bg4 11.a4 Ne6 12.a5 Bc5 13.b4 Bxb4 14.cxb4 Ncd4 15.
Nxd4 Bxd1 16.Nxe6 fxe6 17.Rxd1 a6 18.Bb3 Qf6 19.Ra2 Rad8 20.Ne3 c6 21.Re2 
d5 22.exd5 exd5 23.Bb2 Qd6 24.Nc2 Rde8 25.Rde1 Rf5 26.f4 Rxf4 27.Bxe5 Rxe5
28.Rxe5 Rf8 29.R5e2 Qg6 30.Re3 Qf6 31.h3 h5 32.d4 Qf2+ 33.Kh1 Qd2 34.R3e2 
Qc3 35.Re3 Qd2 36.R3e2 Qc3 37.Ba4 h4 38.Rd1 Qc4 39.Rde1 Qa2 40.Ra1 Qc4 41.
Re3 Rf1+ 42.Rxf1 Qxf1+ 43.Kh2 Qb1 44.Rf3 g6 45.Re3 Kf7 46.Bb3 Qb2 47.Rd3 
Qb1 48.Rf3+ Kg8 49.Re3 Qc1 1/2-1/2

[Event "6th Asia-ch"]
[Site "Cebu City PHI"]
[Date "2007.09.19"]
[Round "1.29"]
[White "Legaspi, Rhobel"]
[Black "Laylo, Darwin"]
[Result "0-1"]
[WhiteElo "2316"]
[BlackElo "2486"]
[EventDate "2007.09.19"]
[PlyCount "58"]

1.e4 c5 2.Nf3 e6 3.c4 a6 4.Nc3 Qc7 5.g3 Nc6 6.Bg2 Nf6 7.O-O Be7 8.h3 O-O 
9.Nh2 Rb8 10.f4 d6 11.d3 b5 12.b3 Nd7 13.Ng4 Nd4 14.Kh2 Bb7 15.Be3 f5 16.
exf5 Nxf5 17.Bd2 b4 18.Ne2 Bxg2 19.Kxg2 d5 20.Ne3 Rbd8 21.Qe1 Nf6 22.Nxf5 
exf5 23.Kh2 dxc4 24.dxc4 Ne4 25.Rd1 Bf6 26.Be3 Qe7 27.Bg1 Rxd1 28.Qxd1 Rd8
29.Qc1 Rd2 0-1

[Event "6th Asia-ch"]
[Site "Cebu City PHI"]
[Date "2007.09.19"]
[Round "1.30"]
[White "Neelotpal, Das"]
[Black "Tolentino, Rustum"]
[Result "1-0"]
[WhiteElo "2485"]
[BlackElo "2276"]
[EventDate "2007.09.19"]
[PlyCount "73"]

1.e4 c5 2.Nf3 e6 3.Nc3 a6 4.d4 cxd4 5.Nxd4 Qc7 6.Bd3 b5 7.Qe2 Bb7 8.O-O 
Nf6 9.Kh1 Nc6 10.Be3 Be7 11.f4 d6 12.Nf3 Nb4 13.Bd4 O-O 14.Rac1 Rac8 15.
Qe1 Qd8 16.Qg3 Nxd3 17.cxd3 Ne8 18.a3 Bf6 19.Qf2 Be7 20.Qg3 Bf6 21.Qf2 Be7
22.Qe3 Nf6 23.Rc2 Nd7 24.b4 Rc6 25.Rfc1 Qc7 26.Nd5 exd5 27.Rxc6 Bxc6 28.
exd5 Nf6 29.dxc6 Bd8 30.Nd2 Re8 31.Qg3 h6 32.Ne4 Nh5 33.Qg4 g6 34.f5 Kh7 
35.fxg6+ fxg6 36.Bb6 Qxb6 37.c7 1-0

[Event "6th Asia-ch"]
[Site "Cebu City PHI"]
[Date "2007.09.19"]
[Round "1.31"]
[White "Yap Kim, Steven"]
[Black "Hossain, Enamul"]
[Result "1-0"]
[WhiteElo "2246"]
[BlackElo "2485"]
[EventDate "2007.09.19"]
[PlyCount "61"]

1.e4 c5 2.Nf3 e6 3.d4 cxd4 4.c3 d3 5.Bxd3 d6 6.O-O a6 7.Qe2 Nd7 8.Rd1 Ngf6
9.Bf4 Qc7 10.Nbd2 Nh5 11.Be3 g6 12.a4 Be7 13.a5 O-O 14.Nc4 Re8 15.Bc2 Rf8 
16.Rd2 Nhf6 17.Bf4 e5 18.Bg5 b5 19.axb6 Nxb6 20.Nxd6 Bxd6 21.Bxf6 Nc4 22.
Rad1 Nxd2 23.Qxd2 Be7 24.Bxe5 Qb6 25.Qh6 f6 26.Ng5 Rf7 27.Nxf7 fxe5 28.Ng5
Bxg5 29.Qxg5 Bb7 30.b4 Re8 31.Bb3+ 1-0

[Event "6th Asia-ch"]
[Site "Cebu City PHI"]
[Date "2007.09.19"]
[Round "1.32"]
[White "Tu Hoang Thong"]
[Black "Russell, Majwuana Kankanamge Athula"]
[Result "1-0"]
[WhiteElo "2483"]
[BlackElo "2220"]
[EventDate "2007.09.19"]
[PlyCount "49"]

1.d4 d5 2.Nf3 Nf6 3.c4 c6 4.Nbd2 g6 5.e3 Bg7 6.Be2 O-O 7.O-O Nbd7 8.b4 a5 
9.b5 c5 10.Bb2 Re8 11.dxc5 Nxc5 12.Rc1 Bf5 13.Nb3 Na4 14.Be5 dxc4 15.Rxc4 
Nb6 16.Rd4 Qc8 17.Qa1 a4 18.Nbd2 Qe6 19.Nc4 h6 20.h3 g5 21.Rfd1 Rec8 22.
Nd6 exd6 23.Rxd6 Qe7 24.Bxf6 Bxf6 25.Rxf6 1-0

[Event "6th Asia-ch"]
[Site "Cebu City PHI"]
[Date "2007.09.19"]
[Round "1.34"]
[White "Filippov, Anton"]
[Black "Fancy, Stuart"]
[Result "1-0"]
[WhiteElo "2481"]
[BlackElo "2152"]
[EventDate "2007.09.19"]
[PlyCount "67"]

1.e4 c5 2.Nf3 e6 3.d4 cxd4 4.Nxd4 Nf6 5.Nc3 Nc6 6.Ndb5 Bb4 7.a3 Bxc3+ 8.
Nxc3 Qa5 9.Bd3 d5 10.O-O dxe4 11.Nxe4 Nxe4 12.Bxe4 O-O 13.Qd3 f5 14.Bxc6 
bxc6 15.b4 Qd5 16.Qc3 f4 17.Bb2 Qg5 18.f3 c5 19.bxc5 Rf5 20.Rad1 Rxc5 21.
Rd8+ Kf7 22.Qd3 Rxc2 23.Qxc2 Qxd8 24.Rd1 Qb6+ 25.Bd4 Qa5 26.Qxh7 e5 27.
Qh5+ Kf6 28.Bf2 Bf5 29.Rd6+ Ke7 30.Rc6 Be6 31.Bc5+ Kf6 32.Qh4+ Kf7 33.Qe7+
Kg6 34.Qxe6+ 1-0

[Event "6th Asia-ch"]
[Site "Cebu City PHI"]
[Date "2007.09.20"]
[Round "2.4"]
[White "Zhao Jun"]
[Black "Tu Hoang Thong"]
[Result "1-0"]
[WhiteElo "2558"]
[BlackElo "2483"]
[EventDate "2007.09.19"]
[PlyCount "99"]

1.Nf3 d5 2.d4 Nf6 3.c4 e6 4.g3 c5 5.cxd5 exd5 6.Bg2 Nc6 7.O-O Be7 8.Nc3 
O-O 9.Bg5 cxd4 10.Nxd4 h6 11.Be3 Re8 12.Qc2 Bg4 13.Rfe1 Qd7 14.Rac1 Rac8 
15.Nxc6 bxc6 16.Bd4 Bd8 17.a3 Nh7 18.Na4 Ng5 19.Nc5 Qe7 20.h4 Ne6 21.Nxe6 
Bxe6 22.e4 Bb6 23.Bxb6 axb6 24.exd5 cxd5 25.Qxc8 Rxc8 26.Rxc8+ Kh7 27.Bxd5
Qd7 28.Bxe6 fxe6 29.Rc2 b5 30.Rce2 Qd4 31.b4 Qc3 32.Re3 Qb2 33.Kg2 Qa2 34.
Rd1 e5 35.Rc1 Qd5+ 36.Kg1 e4 37.Rc5 Qb7 38.Re5 Qd7 39.Kg2 Qb7 40.h5 Qc6 
41.R3xe4 Qa8 42.Re7 Qd5 43.Re5 Qa8 44.Kh2 Qxa3 45.Rxb5 Qd3 46.Rbe5 Qb1 47.
Rf4 Qd1 48.b5 Qd6 49.Rff5 Qc7 50.Re8 1-0

[Event "6th Asia-ch"]
[Site "Cebu City PHI"]
[Date "2007.09.20"]
[Round "2.7"]
[White "Gopal, Geetha Narayanan"]
[Black "Torre, Eugenio"]
[Result "1-0"]
[WhiteElo "2480"]
[BlackElo "2536"]
[EventDate "2007.09.19"]
[PlyCount "89"]

1.e4 d6 2.d4 Nf6 3.Nc3 g6 4.Be3 c6 5.Qd2 b5 6.Bd3 Nbd7 7.Nf3 e5 8.dxe5 
dxe5 9.h3 Bg7 10.O-O O-O 11.Ne2 Qe7 12.Ng3 Nc5 13.b4 Nxd3 14.cxd3 Nd7 15.
a4 bxa4 16.Rxa4 a6 17.Rc1 Bb7 18.Qa2 Rfe8 19.Nd2 Rac8 20.Nb3 Bf8 21.Nf1 
Qd6 22.Rc3 Qc7 23.Nc5 Nxc5 24.Bxc5 Bh6 25.Ne3 Bxe3 26.Bxe3 Rcd8 27.Ra5 Qd6
28.Rac5 Rd7 29.Qd2 Re6 30.f3 Qc7 31.Qe2 g5 32.Qf2 Qd8 33.Qg3 f6 34.f4 exf4
35.Bxf4 Kf7 36.Bc1 Red6 37.Rf5 Rxd3 38.Rxd3 Rxd3 39.Qxg5 Qd4+ 40.Kh2 Bc8 
41.Qh5+ Ke7 42.Qxh7+ Kd8 43.Rg5 Be6 44.Qh8+ Ke7 45.e5 1-0

[Event "6th Asia-ch"]
[Site "Cebu City PHI"]
[Date "2007.09.20"]
[Round "2.8"]
[White "Antonio, Rogelio jr"]
[Black "Deepan Chakravarthy, Jeyakumar"]
[Result "1-0"]
[WhiteElo "2532"]
[BlackElo "2479"]
[EventDate "2007.09.19"]
[PlyCount "155"]

1.e4 e5 2.Nf3 Nc6 3.Bc4 Bc5 4.O-O Nf6 5.d3 a6 6.c3 Ba7 7.Bb3 d6 8.Nbd2 h6 
9.Nc4 Be6 10.Be3 Bxe3 11.Nxe3 O-O 12.Re1 Re8 13.Bxe6 fxe6 14.Qb3 Qd7 15.
Rad1 Rf8 16.d4 Nxe4 17.d5 Nd8 18.dxe6 Qxe6 19.Nd5 Nc5 20.Nxc7 Nxb3 21.Nxe6
Nxe6 22.axb3 Rad8 23.b4 Kf7 24.Nd2 Nf4 25.Nc4 Ke6 26.Rd2 g5 27.g3 Ng6 28.
Kg2 h5 29.Red1 d5 30.Nb6 Ne7 31.Na4 Kd6 32.Nc5 Rb8 33.Ne4+ Kc6 34.Nxg5 h4 
35.Re1 Rf5 36.f4 hxg3 37.hxg3 exf4 38.Nf3 Kd6 39.Rde2 Nc6 40.g4 Rf7 41.
Re6+ Kc7 42.Ne5 Nxe5 43.R1xe5 f3+ 44.Kf2 Rf4 45.Rxd5 Rh8 46.Rh5 Rd8 47.Rf5
Rxg4 48.Rxf3 Rd2+ 49.Re2 Rg2+ 50.Kxg2 Rxe2+ 51.Rf2 Re3 52.Kf1 Kc6 53.Re2 
Rd3 54.Ke1 Rd6 55.Re5 Rh6 56.Kd2 Kb6 57.Kc2 Rh2+ 58.Kb3 Rg2 59.Re6+ Kc7 
60.c4 Rg3+ 61.Ka4 Rg2 62.Ka3 Rg3+ 63.b3 Rg2 64.Re5 Rh2 65.Rg5 b6 66.Rg7+ 
Kb8 67.Rg6 Kb7 68.Rg1 Rf2 69.Rb1 Kc6 70.Rb2 Rf4 71.Re2 Rf6 72.Re7 Rf2 73.
Ra7 Rf1 74.Rxa6 Ra1+ 75.Kb2 Rxa6 76.b5+ Kb7 77.bxa6+ Kxa6 78.Kc3 1-0

[Event "6th Asia-ch"]
[Site "Cebu City PHI"]
[Date "2007.09.20"]
[Round "2.14"]
[White "Arun Prasad, Subramanian"]
[Black "Ghaem Maghami, Ehsan"]
[Result "1/2-1/2"]
[WhiteElo "2448"]
[BlackElo "2610"]
[EventDate "2007.09.19"]
[PlyCount "75"]

1.d4 Nf6 2.Nf3 e6 3.c4 c5 4.Nc3 cxd4 5.Nxd4 Bb4 6.g3 Ne4 7.Qd3 Bxc3+ 8.
bxc3 Nc5 9.Qc2 b6 10.Bg2 Bb7 11.Bxb7 Nxb7 12.Qe4 Nc6 13.Nxc6 dxc6 14.Qxc6+
Qd7 15.Qxd7+ Kxd7 16.Ba3 Rhc8 17.O-O-O+ Ke8 18.Rd4 Rc7 19.c5 Nxc5 20.Bxc5 
Rxc5 21.Kc2 Rac8 22.Rd3 Ra5 23.Kb3 Re5 24.e3 Rb5+ 25.Kc2 Rh5 26.h4 Rf5 27.
f4 Ra5 28.Kb2 Rb5+ 29.Kc2 Ra5 30.Kb2 Rd5 31.Rd4 Ke7 32.Rhd1 Rxd4 33.Rxd4 
Rc5 34.g4 f5 35.gxf5 exf5 36.a4 Rc6 37.Kc2 Re6 38.Kd3 1/2-1/2

[Event "6th Asia-ch"]
[Site "Cebu City PHI"]
[Date "2007.09.20"]
[Round "2.17"]
[White "Nadera, Barlo"]
[Black "Zhou Jianchao"]
[Result "0-1"]
[WhiteElo "2402"]
[BlackElo "2572"]
[EventDate "2007.09.19"]
[PlyCount "78"]

1.d4 d5 2.Nf3 a6 3.Bf4 Nf6 4.e3 e6 5.Bd3 c5 6.c3 Nc6 7.Nbd2 Be7 8.h3 b5 9.
a3 Bb7 10.Qe2 O-O 11.O-O Qb6 12.Rfe1 Rfe8 13.Ne5 Nxe5 14.Bxe5 Nd7 15.Bh2 
f5 16.g4 g6 17.f4 Nf6 18.Qg2 Ne4 19.Nf3 Bf6 20.Ne5 Re7 21.Bxe4 dxe4 22.
dxc5 Qxc5 23.Rad1 Bxe5 24.fxe5 Rf7 25.Rd4 Bd5 26.Bf4 a5 27.Qg3 fxg4 28.
Qxg4 Rf5 29.h4 Raf8 30.Kg2 R8f7 31.Red1 Qf8 32.Rxd5 exd5 33.Rxd5 Rxf4 34.
exf4 Rxf4 35.Qd1 Rf2+ 36.Kg1 Qf4 37.Rd8+ Kg7 38.Qd7+ Kh6 39.Qh3 Rf3 0-1

[Event "6th Asia-ch"]
[Site "Cebu City PHI"]
[Date "2007.09.20"]
[Round "2.18"]
[White "Al-Modiahki, Mohamad"]
[Black "Kim, Alexey"]
[Result "1-0"]
[WhiteElo "2563"]
[BlackElo "2445"]
[EventDate "2007.09.19"]
[PlyCount "81"]

1.e4 c5 2.Nf3 e6 3.c4 d6 4.d4 cxd4 5.Nxd4 Nf6 6.Nc3 Be7 7.Be2 O-O 8.O-O a6
9.Be3 Qc7 10.Rc1 b6 11.f4 Bb7 12.Bf3 Re8 13.f5 Bf8 14.fxe6 fxe6 15.Bg4 
Nxg4 16.Qxg4 Bc8 17.Qh5 Qe7 18.Nd5 exd5 19.Qxd5+ Kh8 20.Rf7 Ra7 21.Rcf1 h6
22.Rxe7 Raxe7 23.Qh5 Nd7 24.Nf5 Nf6 25.Qg6 Bxf5 26.Qxf5 Nxe4 27.Qg6 b5 28.
cxb5 axb5 29.Rf7 Nc5 30.Rxe7 Rxe7 31.Qxd6 Re8 32.Qd2 Ne4 33.Qc2 Nf6 34.Bf2
Ng4 35.Qg6 Rc8 36.Qxg4 Rc1+ 37.Be1 Rxe1+ 38.Kf2 Rc1 39.Qf5 Be7 40.Qxb5 Bf6
41.Qe8+ 1-0